Vainqueurs de Rolland Garros - Statistiques

Statistiques générales
  • Ce quiz a été pris 256 fois
    183 depuis la dernière actualisation
  • Le résultat moyen est 28 sur 124
Statistiques - réponses
Edition Année Joueur % Correct
121 2022 Rafael Nadal
98%
119 2020 Rafael Nadal
98%
118 2019 Rafael Nadal
98%
117 2018 Rafael Nadal
98%
116 2017 Rafael Nadal
98%
113 2014 Rafael Nadal
98%
112 2013 Rafael Nadal
98%
111 2012 Rafael Nadal
98%
110 2011 Rafael Nadal
98%
109 2010 Rafael Nadal
98%
107 2008 Rafael Nadal
98%
106 2007 Rafael Nadal
98%
105 2006 Rafael Nadal
98%
104 2005 Rafael Nadal
98%
123 2024 Carlos Alcaraz
95%
122 2023 Novak Djokovic
93%
120 2021 Novak Djokovic
93%
115 2016 Novak Djokovic
93%
108 2009 Roger Federer
87%
82 1983 Yannick Noah
64%
114 2015 Stan Wawrinka
57%
98 1999 Andre Agassi
36%
80 1981 Björn Borg
36%
79 1980 Björn Borg
36%
78 1979 Björn Borg
36%
77 1978 Björn Borg
36%
74 1975 Björn Borg
36%
73 1974 Björn Borg
36%
100 2001 Gustavo Kuerten
24%
99 2000 Gustavo Kuerten
24%
96 1997 Gustavo Kuerten
24%
86 1987 Ivan Lendl
23%
85 1986 Ivan Lendl
23%
83 1984 Ivan Lendl
23%
88 1989 Michael Chang
22%
102 2003 Juan Carlos Ferrero
21%
87 1988 Mats Wilander
21%
84 1985 Mats Wilander
21%
81 1982 Mats Wilander
21%
91 1992 Jim Courier
16%
90 1991 Jim Courier
16%
34 1929 René Lacoste
16%
32 1927 René Lacoste
16%
30 1925 René Lacoste
16%
97 1998 Carlos Moya
15%
124 2025 Carlos Alcaraz
11%
94 1995 Thomas Muster
11%
103 2004 Gaston Gaudio
10%
68 1969 Rod Laver
10%
61 1962 Rod Laver
10%
93 1994 Sergi Bruguera
10%
92 1993 Sergi Bruguera
10%
101 2002 Albert Costa
9%
76 1977 Guillermo Vilas
9%
72 1973 Ilie Nastase
9%
95 1996 Evgueni Kafelnikov
8%
36 1931 Jean Borotra
8%
29 1924 Jean Borotra
8%
75 1976 Adriano Panatta
6%
89 1990 Andres Gomez
6%
37 1932 Henri Cochet
5%
35 1930 Henri Cochet
5%
33 1928 Henri Cochet
5%
31 1926 Henri Cochet
5%
27 1922 Henri Cochet
5%
67 1968 Ken Rosewall
5%
52 1953 Ken Rosewall
5%
57 1958 Mervyn Rose
5%
70 1971 Jan Kodes
4%
69 1970 Jan Kodes
4%
71 1972 Andres Gimeno
3%
40 1935 Fred Perry
3%
51 1952 Jaroslav Drobny
2%
50 1951 Jaroslav Drobny
2%
63 1964 Manuel Santana
2%
60 1961 Manuel Santana
2%
25 1920 André Gobert
1%
21 1911 André Gobert
1%
12 1902 André Vacherot
1%
11 1901 André Vacherot
1%
6 1896 André Vacherot
1%
5 1895 André Vacherot
1%
4 1894 André Vacherot
1%
49 1950 Budge Patty
1%
2 1892 Claude Anet
1%
43 1938 Donald Budge
1%
44 1939 Don McNeill
1%
48 1949 Frank Parker
1%
47 1948 Frank Parker
1%
64 1965 Fred Stolle
1%
41 1936 Gottfried von Cramm
1%
39 1934 Gottfried von Cramm
1%
42 1937 Henner Henkel
1%
38 1933 Jack Crawford
1%
28 1923 Jean François Blanchy
1%
26 1921 Jean Samazeuilh
1%
46 1947 Jozsef Asboth
1%
3 1893 Laurent Riboulet
1%
55 1956 Lew Hoad
1%
45 1946 Marcel Bernard
1%
20 1910 Maurice Germot
1%
16 1906 Maurice Germot
1%
15 1905 Maurice Germot
1%
24 1914 Max Decugis
1%
23 1913 Max Decugis
1%
22 1912 Max Decugis
1%
19 1909 Max Decugis
1%
18 1908 Max Decugis
1%
17 1907 Max Decugis
1%
14 1904 Max Decugis
1%
13 1903 Max Decugis
1%
59 1960 Nicola Pietrangeli
1%
58 1959 Nicola Pietrangeli
1%
10 1900 Paul Aymé
1%
9 1899 Paul Aymé
1%
8 1898 Paul Aymé
1%
7 1897 Paul Aymé
1%
66 1967 Roy Emerson
1%
62 1963 Roy Emerson
1%
56 1957 Sven Davidson
1%
65 1966 Tony Roche
1%
54 1955 Tony Trabert
1%
53 1954 Tony Trabert
1%
1 1891 H.Briggs
0%
Aucun quiz correspondant
Distribution des résultats
% des personnes avec chaque résultat
Percentile par nombre de réponses
Votre historique - résultats
Vous n’avez pas pris ce quiz depuis la dernière actualisation